<?xml version="1.0" encoding="UTF-8"?>
<record
    xmlns:xsi="http://www.w3.org/2001/XMLSchema-instance"
    xsi:schemaLocation="http://www.loc.gov/MARC21/slim http://www.loc.gov/standards/marcxml/schema/MARC21slim.xsd"
    xmlns="http://www.loc.gov/MARC21/slim">

  <leader>00811nam a2200193Ia 4500</leader>
  <controlfield tag="008">151121s9999||||xx |||||||||||||| ||und||</controlfield>
  <datafield tag="082" ind1=" " ind2=" ">
    <subfield code="a">920/&#x91A;&#x93E;&#x902;&#x926;&#x94B;&#x930;</subfield>
  </datafield>
  <datafield tag="082" ind1=" " ind2=" ">
    <subfield code="b">HNW-115594</subfield>
  </datafield>
  <datafield tag="100" ind1=" " ind2=" ">
    <subfield code="a">&#x91A;&#x93E;&#x902;&#x926;&#x94B;&#x930;&#x915;&#x930; &#x928;&#x940;&#x932;&#x93E;</subfield>
  </datafield>
  <datafield tag="245" ind1=" " ind2=" ">
    <subfield code="a">&#x92E;&#x93E;&#x91D;&#x94D;&#x92F;&#x93E; &#x906;&#x92F;&#x941;&#x937;&#x94D;&#x92F;&#x93E;&#x91A;&#x940; &#x936;&#x930;&#x94D;&#x925;&#x924; &#x92E;&#x93F;&#x932;&#x94D;&#x916;&#x93E; &#x938;&#x93F;&#x902;&#x917;</subfield>
  </datafield>
  <datafield tag="260" ind1=" " ind2=" ">
    <subfield code="b">&#x91C;&#x92F;&#x915;&#x94B; &#x92A;&#x92C;&#x94D;&#x932;&#x940;&#x936;&#x93F;&#x902;&#x917; &#x939;&#x93E;&#x90A;&#x938;&#x94D;&#x964;</subfield>
  </datafield>
  <datafield tag="260" ind1=" " ind2=" ">
    <subfield code="c">2014</subfield>
  </datafield>
  <datafield tag="300" ind1=" " ind2=" ">
    <subfield code="a">174</subfield>
  </datafield>
  <datafield tag="600" ind1=" " ind2=" ">
    <subfield code="a">&#x91A;&#x93E;&#x902;&#x926;&#x94B;&#x930;&#x915;&#x930; &#x928;&#x940;&#x932;&#x93E;</subfield>
  </datafield>
  <datafield tag="630" ind1=" " ind2=" ">
    <subfield code="a">&#x92E;&#x93E;&#x91D;&#x94D;&#x92F;&#x93E; &#x906;&#x92F;&#x941;&#x937;&#x94D;&#x92F;&#x93E;&#x91A;&#x940; &#x936;&#x930;&#x94D;&#x925;&#x924; &#x92E;&#x93F;&#x932;&#x94D;&#x916;&#x93E; &#x938;&#x93F;&#x902;&#x917;</subfield>
  </datafield>
  <datafield tag="700" ind1=" " ind2=" ">
    <subfield code="a">&#x91A;&#x93E;&#x902;&#x926;&#x94B;&#x930;&#x915;&#x930; &#x928;&#x940;&#x932;&#x93E;</subfield>
  </datafield>
  <datafield tag="730" ind1=" " ind2=" ">
    <subfield code="a">&#x92E;&#x93E;&#x91D;&#x94D;&#x92F;&#x93E; &#x906;&#x92F;&#x941;&#x937;&#x94D;&#x92F;&#x93E;&#x91A;&#x940; &#x936;&#x930;&#x94D;&#x925;&#x924; &#x92E;&#x93F;&#x932;&#x94D;&#x916;&#x93E; &#x938;&#x93F;&#x902;&#x917;</subfield>
  </datafield>
  <datafield tag="942" ind1=" " ind2=" ">
    <subfield code="c">BOOK</subfield>
  </datafield>
  <datafield tag="999" ind1=" " ind2=" ">
    <subfield code="c">1264314</subfield>
    <subfield code="d">1264311</subfield>
  </datafield>
  <datafield tag="952" ind1=" " ind2=" ">
    <subfield code="0">0</subfield>
    <subfield code="1">0</subfield>
    <subfield code="4">0</subfield>
    <subfield code="7">0</subfield>
    <subfield code="a">HNW</subfield>
    <subfield code="b">HNW</subfield>
    <subfield code="d">2014-10-25</subfield>
    <subfield code="g">199.00</subfield>
    <subfield code="l">0</subfield>
    <subfield code="o">HNW-115594</subfield>
    <subfield code="p">HNW-115594</subfield>
    <subfield code="r">2015-11-21 00:00:00</subfield>
    <subfield code="v">199.00</subfield>
    <subfield code="w">2015-11-21</subfield>
    <subfield code="y">BOOK</subfield>
  </datafield>
</record>
